Missing Word: Christmas Lyrics Quiz Stats

 Plays Quiz Updated Dec 14, 2017

Challenge
Share
Tweet
Embed
Score 0/20 Timer 05:00
2 Plays Today
Lyrics Missing Word % Correct
Well the weather outside is ________frightful
95%
Where the treetops _______, and children listenglisten
90.3%
Then all the reindeer loved him, as they ______ out with gleeshouted
82.1%
He sees you when you're sleeping, he knows when you're awake, he knows if you've been bad or good so be good for ______ sake goodness
81.7%
In the meadow we can build a snowman, then ________ that he is Parson Brownpretend
75.2%
Good ________ we bring to you and your kin; Good tidings for Christmas and a Happy New Yeartidings
74.9%
I am a poor boy too, pa rum pum pum pum, I have no ____ to bringgift
74.8%
I'll have a ____ Christmas without youblue
71.8%
Go tell it on the mountain, over the _____ and everywherehills
69.7%
Pullin' on the reins, bells are ringin', children singin', all is _____ and brightmerry
69.2%
Lyrics Missing Word % Correct
In fields where they ___ keeping their sheep, on a cold winter's night that was so deeplay
62.6%
City sidewalks busy sidewalks, ________ in holiday style, dressed
62.5%
The cattle are lowing, the poor baby wakes, but little Lord Jesus no _____ He makescrying
56.5%
Yuletide carols being sung by a choir, and ____ dressed up like Eskimosfolks
54.6%
You can count on me, please have ____ and mistletoe, and presents under the treesnow
52%
Let your _____ be light, from now on, our troubles will be out of sightheart
46.3%
With a broomstick in his hand, running here and there all around the ______ sayingsquare
44.8%
And when you walk down the street, say hello to _____ you know, and everyone you meetfriends
43.3%
A day or two ago, I thought I'd take a ____, and soon Miss Fanny Brightride
41.6%
A pair of hop-along boots and a _____ that shoots, is the wish of Barney and Benpistol
39.6%

Today's Daily Dose

You're not logged in!

Compare scores with friends on all Sporcle quizzes.
Join for Free
OR
Log In

You Might Also Like...

Show Comments

Extras

Top Quizzes Today


Score Distribution

Your Account Isn't Verified!

In order to create a playlist on Sporcle, you need to verify the email address you used during registration. Go to your Sporcle Settings to finish the process.

Report this User

Report this user for behavior that violates our Community Guidelines.

Details: